Statystyki dla ZWIERZĘTA na literę H

Kliknij tutaj aby rozwiązać quiz!

Ogólne statystyki

  • Ten quiz został rozwiązany 59 razy
  • Średni wynik to 4 z 7

Statystyki odpowiedzi

Odpowiedź% Poprawnych
Hiena cętkowana
100%
Hipopotam nilowy
96%
Homar europejski
86%
Harpia wielka
50%
Humbak
50%
Halibut atlantycki
36%
Hełmiatka zwyczajna
12%

Rozkład punktacji

Percentyl według liczby udzielonych odpowiedzi

Procent ludzi z każdym wynikiem

Twoja historia wyników

Nie rozwiązałeś tego quizu